Colours - Sudden Death - Statistics

General Stats
  • This quiz has been taken 1,283 times
  • The average score is 8 of 16
Answers on the Grid
Answers color-coded by a green-red scale on the quiz's grid according to % correct below.
Mauve
Teal
Jade
Ecru
Turquoise
Taupe
Chartreuse
Maroon
Sienna
Vermillion
Periwinkle
Puce
Viridian
Eggshell
Amaranth
Fuchsia
Scarlet
Aubergine
Purple
Pink
Gray
Indigo
Violet
Yellow
 
Answer Stats
Answer % Correct
Yellow
77%
Pink
73%
Gray
69%
Maroon
64%
Teal
63%
Indigo
60%
Jade
58%
Eggshell
56%
Scarlet
56%
Fuchsia
55%
Periwinkle
45%
Violet
44%
Mauve
41%
Sienna
28%
Chartreuse
24%
Taupe
17%
No matching quizzes found
Score Distribution
Percent of People with Each Score
Percentile by Number Answered
Your Score History
You have not taken this quiz